[Event "BRA-ch U12"]
[Site "Florianopolis"]
[Date "2019.04.20"]
[Round "4"]
[White "Bittencourt, Arian G Decezare"]
[Black "Raifur, Gabriel Henrique Ch"]
[Result "0-1"]
[WhiteElo "1800"]
[BlackElo "1264"]
[PlyCount "64"]
[EventDate "2019.04.18"]
[EventType "swiss"]
[EventRounds "6"]
[EventCountry "BRA"]
[SourceTitle "CBM 190 Extra"]
[Source "ChessBase"]
[SourceDate "2019.07.15"]
[SourceVersion "1"]
[SourceVersionDate "2019.07.15"]
[SourceQuality "1"]

1. d4 Nf6 2. c4 e6 3. Nc3 Bb4 4. Bd2 c5 5. e3 cxd4 6. exd4 Nc6 7. a3 Ba5 8. b4 Bc7 9. Nf3 a6 10. Bd3 0-0 11. 0-0 h6 12. Re1 Ne7 13. Ne4 Nxe4 14. Bxe4 f5 15. Bc2 b6 16. Rc1 Bb7 17. Bb3 Rb8 18. Be3 Ng6 19. d5 Qe8 20. dxe6 dxe6 21. c5 Rd8 22. Qc2 Bxf3 23. gxf3 Nh4 24. Kh1 b5 25. Bd2 Nxf3 26. Bxe6+ Kh8 27. Bxh6 Qh5 28. Bxg7+ Kxg7 29. Rg1+ Nxg1 30. Rxg1+ Kf6 31. Qc3+ Be5 32. Rg6+ Qxg6 0-1

[Event "BRA-ch U12"]
[Site "Florianopolis"]
[Date "2019.04.19"]
[Round "2"]
[White "De Lima, Enzo Magalhaes"]
[Black "Raifur, Gabriel Henrique Ch"]
[Result "1-0"]
[WhiteElo "1685"]
[BlackElo "1264"]
[PlyCount "59"]
[EventDate "2019.04.18"]
[EventType "swiss"]
[EventRounds "6"]
[EventCountry "BRA"]
[SourceTitle "CBM 190 Extra"]
[Source "ChessBase"]
[SourceDate "2019.07.15"]
[SourceVersion "1"]
[SourceVersionDate "2019.07.15"]
[SourceQuality "1"]

1. d4 Nf6 2. c4 e6 3. Nc3 Bb4 4. e3 c5 5. Nge2 Bxc3+ 6. Nxc3 cxd4 7. exd4 h6 8. Be2 0-0 9. Bf3 Re8 10. 0-0 Qc7 11. Nb5 Qb6 12. Bf4 Na6 13. Nd6 Rf8 14. Qd2 Ne8 15. c5 Qd8 16. Nxb7 Qf6 17. Nd6 Nxd6 18. Bxd6 Re8 19. Bxa8 Nb8 20. Qf4 Qxf4 21. Bxf4 g5 22. Bd6 Kh7 23. Rfe1 Ba6 24. Be4+ f5 25. Bxf5+ Kg7 26. d5 Bc4 27. dxe6 dxe6 28. b3 Bd5 29. Bxb8 Rxb8 30. Bxe6 1-0

[Event "Parana-ch"]
[Site "Curitiba"]
[Date "2018.11.25"]
[Round "6"]
[White "Raifur, Gabriel Henrique Ch"]
[Black "Rosa, Jefferson Luiz"]
[Result "1/2-1/2"]
[WhiteElo "1272"]
[BlackElo "1492"]
[PlyCount "46"]
[EventDate "2018.11.22"]
[EventType "swiss"]
[EventRounds "7"]
[EventCountry "BRA"]
[SourceTitle "CBM 187 Extra"]
[Source "ChessBase"]
[SourceDate "2018.11.04"]
[SourceVersion "1"]
[SourceVersionDate "2018.11.04"]
[SourceQuality "1"]

1. e4 e6 2. d4 d5 3. Nc3 dxe4 4. Nxe4 c5 5. c3 Nh6 6. Nf3 Nf5 7. Bf4 Nc6 8. Bb5 Qb6 9. Bxc6+ Qxc6 10. Ng3 Nxg3 11. Bxg3 Be7 12. 0-0 b6 13. Rc1 Bb7 14. Re1 Rd8 15. Re2 0-0 16. Rd2 Rd5 17. Rd3 Bd6 18. dxc5 Bxg3 19. hxg3 Rxd3 20. Qxd3 Qxc5 21. Qd7 Bxf3 22. gxf3 a5 23. Rd1 g6 1/2-1/2

[Event "Parana-ch"]
[Site "Curitiba"]
[Date "2018.11.24"]
[Round "5"]
[White "Santos Filho, Valter"]
[Black "Raifur, Gabriel Henrique Ch"]
[Result "1-0"]
[WhiteElo "1733"]
[BlackElo "1272"]
[PlyCount "99"]
[EventDate "2018.11.22"]
[EventType "swiss"]
[EventRounds "7"]
[EventCountry "BRA"]
[SourceTitle "CBM 187 Extra"]
[Source "ChessBase"]
[SourceDate "2018.11.04"]
[SourceVersion "1"]
[SourceVersionDate "2018.11.04"]
[SourceQuality "1"]

1. c4 Nf6 2. Nc3 e6 3. g3 Bb4 4. Bg2 c5 5. Qc2 Nc6 6. Nf3 a6 7. 0-0 Bxc3 8. Qxc3 d5 9. cxd5 Qxd5 10. Nh4 Qd6 11. d3 0-0 12. Qc2 Rb8 13. Nf3 b6 14. Nd2 Bb7 15. Nc4 Nd4 16. Qd1 Qc7 17. Bf4 Qe7 18. Bxb8 Rxb8 19. Bxb7 Qxb7 20. f3 b5 21. Nd6 Qc6 22. Ne4 Rd8 23. Rc1 Qb6 24. e3 Nxe4 25. fxe4 Nc6 26. Qh5 g6 27. Qxc5 Qxc5 28. Rxc5 Nb4 29. d4 Nxa2 30. Rd1 Kf8 31. d5 exd5 32. exd5 Nb4 33. e4 Ke7 34. e5 h5 35. Rc7+ Rd7 36. Rxd7+ Kxd7 37. Kf2 a5 38. Ke3 Na6 39. Kd4 a4 40. Rf1 Ke7 41. d6+ Ke6 42. Rf6+ Kd7 43. Rxf7+ Ke8 44. d7+ Kd8 45. e6 Kc7 46. Rf8 a3 47. bxa3 Kc6 48. d8Q h4 49. Qa5 hxg3 50. Qxa6+ 1-0

[Event "BRA-ch Amateur U1600"]
[Site "Sao Paulo"]
[Date "2018.06.03"]
[Round "7"]
[White "Raifur, Gabriel Henrique Ch"]
[Black "Felippe E Silva, Glenda"]
[Result "1-0"]
[WhiteElo "1295"]
[BlackElo "1269"]
[PlyCount "43"]
[EventDate "2018.05.31"]
[EventType "swiss"]
[EventRounds "7"]
[EventCountry "BRA"]
[SourceTitle "EXT 2021"]
[Source "ChessBase"]
[SourceDate "2020.10.23"]
[SourceVersion "1"]
[SourceVersionDate "2020.10.23"]
[SourceQuality "1"]

1. e4 c6 2. d4 d5 3. Nc3 dxe4 4. Nxe4 Bf5 5. Ng3 Bg6 6. h4 h6 7. h5 Bh7 8. Nf3 Nd7 9. Bf4 Ngf6 10. Bc4 e6 11. Qe2 Be7 12. 0-0-0 0-0 13. Ne5 Nxe5 14. dxe5 Nd5 15. Qg4 Qb6 16. Bxh6 Bg6 17. hxg6 gxh6 18. gxf7+ Kxf7 19. Qh5+ Kg7 20. Qxh6+ Kf7 21. Qh5+ Kg7 22. Qh7# 1-0

[Event "BRA-ch Amateur U1600"]
[Site "Sao Paulo"]
[Date "2018.06.02"]
[Round "5"]
[White "Raifur, Gabriel Henrique Ch"]
[Black "Kojima, Rodrigo Yosuke"]
[Result "0-1"]
[WhiteElo "1295"]
[BlackElo "1442"]
[PlyCount "81"]
[EventDate "2018.05.31"]
[EventType "swiss"]
[EventRounds "7"]
[EventCountry "BRA"]
[SourceTitle "EXT 2021"]
[Source "ChessBase"]
[SourceDate "2020.10.23"]
[SourceVersion "1"]
[SourceVersionDate "2020.10.23"]
[SourceQuality "1"]

1. e4 e6 2. d4 d5 3. Nc3 Nf6 4. e5 Nfd7 5. Nf3 c5 6. Bb5 a6 7. Be2 Nc6 8. Be3 Be7 9. Qd2 cxd4 10. Bxd4 Bc5 11. Bxc5 Nxc5 12. Qf4 Qe7 13. 0-0-0 b5 14. b3 b4 15. Nb1 Nd7 16. h4 Bb7 17. g4 Rc8 18. h5 h6 19. Rhg1 d4 20. g5 Qc5 21. gxh6 gxh6 22. Rg7 Rf8 23. Qxh6 Ncxe5 24. c4 Nxf3 25. Bxf3 Bxf3 26. Rdg1 Qxh5 27. Qf4 e5 28. Qg3 Qh6+ 29. Kb2 Qf4 30. Qh3 Be4 31. Rg8 Ke7 32. Rxf8 Rxf8 33. Rg4 Qxf2+ 34. Ka1 Bf5 35. Qh6 Bxg4 36. Qg5+ Ke8 37. Qxg4 d3 38. Qe4 Qd4+ 39. Nc3 Qxc3+ 40. Kb1 Qc2+ 41. Ka1 0-1

[Event "BRA-ch Amateur U1600"]
[Site "Sao Paulo"]
[Date "2018.06.01"]
[Round "3"]
[White "Raifur, Gabriel Henrique Ch"]
[Black "Carneiro, Breno B De Siqueira"]
[Result "0-1"]
[WhiteElo "1295"]
[BlackElo "1568"]
[PlyCount "58"]
[EventDate "2018.05.31"]
[EventType "swiss"]
[EventRounds "7"]
[EventCountry "BRA"]
[SourceTitle "EXT 2021"]
[Source "ChessBase"]
[SourceDate "2020.10.23"]
[SourceVersion "1"]
[SourceVersionDate "2020.10.23"]
[SourceQuality "1"]

1. e4 c6 2. d4 d5 3. exd5 cxd5 4. c4 Nf6 5. Nc3 Nbd7 6. Nf3 e6 7. a3 Be7 8. Be3 0-0 9. Qc2 b6 10. Bd3 dxc4 11. Bxc4 Bb7 12. Be2 Rc8 13. 0-0-0 Nd5 14. Kb1 Bxa3 15. bxa3 Nxc3+ 16. Ka1 Qe7 17. Kb2 Nxd1+ 18. Qxd1 Be4 19. Bd3 Bxd3 20. Qxd3 b5 21. h4 b4 22. a4 Rc3 23. Qb1 Rfc8 24. Bd2 Nb6 25. Bxc3 Nxa4+ 26. Kb3 Rxc3+ 27. Kxa4 Ra3+ 28. Kb5 Qb7+ 29. Kc4 Rc3# 0-1

[Event "Caioba Telecom op"]
[Site "Caioba"]
[Date "2017.10.01"]
[Round "7"]
[White "Raifur, Gabriel Henrique Ch"]
[Black "Espindola, Carlos Marcelo"]
[Result "1/2-1/2"]
[WhiteElo "1748"]
[BlackElo "1318"]
[PlyCount "72"]
[EventDate "2017.09.28"]
[EventType "swiss"]
[EventRounds "8"]
[EventCountry "BRA"]
[SourceTitle "EXT 2020"]
[Source "ChessBase"]
[SourceDate "2019.10.17"]
[SourceVersion "1"]
[SourceVersionDate "2019.10.17"]
[SourceQuality "1"]

1. e4 e5 2. Nf3 Nf6 3. Nc3 Nc6 4. Bc4 Bc5 5. d3 h6 6. Be3 Bb6 7. Bxb6 axb6 8. 0-0 d6 9. d4 exd4 10. Nxd4 0-0 11. Nxc6 bxc6 12. a3 Re8 13. Re1 Bb7 14. Qb1 b5 15. Bb3 Qd7 16. Qd1 Kh8 17. Qf3 c5 18. Rad1 Nxe4 19. Nxe4 f5 20. Qh3 Bxe4 21. Rc1 Bc6 22. Qc3 Rxe1+ 23. Rxe1 Re8 24. h3 Rxe1+ 25. Qxe1 Qe8 26. Qa5 Qe4 27. f3 Qe3+ 28. Kh2 Qe5+ 29. Kg1 Qe7 30. Qa6 Qd7 31. Qa7 Kh7 32. Qb8 c4 33. Ba2 Qe7 34. b3 Qe1+ 35. Kh2 Qe5+ 36. Kg1 Qe1+ 1/2-1/2

[Event "Curitiba Sul Region-ch"]
[Site "Curitiba"]
[Date "2017.04.14"]
[Round "2"]
[White "Ibanez, Jorge Dias Llivi"]
[Black "Raifur, Gabriel Henrique Ch"]
[Result "1-0"]
[WhiteElo "1674"]
[BlackElo "1800"]
[PlyCount "35"]
[EventDate "2017.04.14"]
[EventType "swiss"]
[EventRounds "6"]
[EventCountry "BRA"]
[SourceTitle "CBM 178 Extra"]
[Source "ChessBase"]
[SourceDate "2017.06.22"]
[SourceVersion "1"]
[SourceVersionDate "2017.06.22"]
[SourceQuality "1"]

1. d4 d5 2. Nf3 Bf5 3. Nc3 e6 4. a3 Bd6 5. Bg5 Nf6 6. e3 Nc6 7. Bd3 0-0 8. Bxf5 exf5 9. Nxd5 h6 10. Nxf6+ gxf6 11. Bxh6 Re8 12. g3 f4 13. gxf4 Kh7 14. Bg5 fxg5 15. Nxg5+ Kg8 16. Qh5 f6 17. Qf7+ Kh8 18. Qh7# 1-0